[Event "Sharjah Cup (Women) 10th"]
[Site "Sharjah"]
[Date "2020.01.09"]
[Round "7"]
[White "Alsabbagh, Eman"]
[Black "Al Kalbani, Wadima"]
[Result "1-0"]
[WhiteElo "1053"]
[BlackElo "1667"]
[PlyCount "51"]
[EventDate "2020.01.04"]
[EventType "swiss"]
[EventRounds "9"]
[EventCountry "UAE"]
[SourceTitle "CBM 194 Extra"]
[Source "ChessBase"]
[SourceDate "2020.03.31"]
[SourceVersion "1"]
[SourceVersionDate "2020.03.31"]
[SourceQuality "1"]

1. e4 e5 2. Nf3 Nc6 3. Bc4 Nf6 4. Ng5 d5 5. exd5 Na5 6. Bb5+ c6 7. dxc6 bxc6 8. Qf3 Rb8 9. Bxc6+ Nxc6 10. Qxc6+ Nd7 11. d3 h6 12. Ne4 Rb6 13. Qa4 Bb7 14. 0-0 Rb4 15. Qxa7 f5 16. a3 Rb5 17. Nbc3 Rb6 18. Ng3 f4 19. Nge4 Nc5 20. Nxc5 Bxc5 21. Na4 Qg5 22. Qb8+ Kf7 23. Qc7+ Kg8 24. g3 fxg3 25. Bxg5 gxf2+ 26. Rxf2 1-0